000
00271nam a2200109Ia 4500
008
191201s2012 xx 000 0 und d
100
_a
VAUGHAN,Tay
245
0
_a
Multimedia:Making it Work
250
_a
Rep
260
_c
2012
_b
Tata mc Graw Hill
_a
NEW DELHI
942
_2
ddc
_c
BK
999
_c
7940
_d
7940